Ready to lead ? : A story for new leaders and their mentors
Đã lưu trong:
| Hovedforfatter: | |
|---|---|
| Format: | Bog |
| Sprog: | Undetermined |
| Udgivet: |
San Francisco
Jossey-Bass
2004
|
| Fag: | |
| Tags: |
Tilføj Tag
Ingen Tags, Vær først til at tagge denne postø!
|
| Thư viện lưu trữ: | Trung tâm Học liệu Trường Đại học Cần Thơ |
|---|
| LEADER | 00575nam a2200217Ia 4500 | ||
|---|---|---|---|
| 001 | CTU_131003 | ||
| 008 | 210402s9999 xx 000 0 und d | ||
| 020 | |c 22.95 | ||
| 082 | |a 813.6 | ||
| 082 | |b P945 | ||
| 100 | |a Price, Alan | ||
| 245 | 0 | |a Ready to lead ? : | |
| 245 | 2 | |b A story for new leaders and their mentors | |
| 245 | 0 | |c Alan Price | |
| 260 | |a San Francisco | ||
| 260 | |b Jossey-Bass | ||
| 260 | |c 2004 | ||
| 650 | |a Leadership,Executive ability | ||
| 650 | |x Fiction,Fiction | ||
| 904 | |i Giang | ||
| 980 | |a Trung tâm Học liệu Trường Đại học Cần Thơ | ||